| 000 | 00968nam a22001937a 4500 | ||
|---|---|---|---|
| 003 | OSt | ||
| 005 | 20251121100552.0 | ||
| 008 | 251121b |||||||| |||| 00| 0 eng d | ||
| 040 | _cDCL | ||
| 082 | _a၂၉၄.၃၈၂၃၅၁၁ | ||
| 130 |
_aတိပိဋက။ _pသုတ္တန္တပိဋက။ _pခုဒ္ဒကနိကာယ။ _tဓမ္မပဒ ၊ _lအဋ္ဌကထာ၊ _sနိဿယ။ |
||
| 245 |
_aဓမ္မပဒ အဋ္ဌကထာနိဿယ ၊ _nဒုတိယတွဲ / _cအရှင်သာရဒဿီ။ |
||
| 250 | _aဒုတိယအကြိမ်။ | ||
| 264 |
_aမန္တလေး ၊ _bညွန့်စာပေ၊ _c၁၉၇၃။ |
||
| 300 |
_a၆၃၀ စာမျက်နှာ ၊ _c၂၅ စင်တီ။ |
||
| 650 |
_aဓမ္မပဒ _vအဋ္ဌကထာ နိဿယ။ |
||
| 700 | _aသာရဒဿီ၊ အရှင် | ||
| 942 |
_2ddc _cSHORT TERM _n0 |
||
| 999 |
_c2564 _d2564 |
||